[Event "HEM A-Turnier"]
[Site "Marburg"]
[Date "2017.??.??"]
[Round "7.4"]
[White "Flach, Erich"]
[Black "Henrich, David"]
[Result "1-0"]
[WhiteElo "2098"]
[BlackElo "2153"]
[PlyCount "81"]
[EventDate "2017.??.??"]

1. d4 d6 2. Nf3 Nf6 3. c4 g6 4. Nc3 Bg7 5. e4 O-O 6. Be2 e5 7. O-O exd4 8. Nxd4
Re8 9. f3 Nc6 10. Nc2 Nd7 11. Be3 Nc5 12. Qd2 a5 13. Rad1 b6 14. Rfe1 Bb7 15.
Na3 Ne6 16. Nab5 Ne7 17. Nd5 Nc8 18. Ndc3 Ne7 19. Bf1 f5 20. Bh6 Bh8 21. Nd5
fxe4 22. Rxe4 Bxd5 23. cxd5 Nc5 24. Ree1 Qd7 25. g4 Rad8 26. Bg5 Ra8 27. Kg2
Kf7 28. Nd4 Bxd4 29. Qf4+ Kg8 30. Qxd4 Nc8 31. Bh6 Na7 32. b3 Qf7 33. Bc1 Qg7
34. Qd2 Nd7 35. Bb2 Qf8 36. Re6 Nc5 37. Rxe8 Rxe8 38. Qd4 Qh6 39. Qh8+ Kf7 40.
Qf6+ Kg8 41. g5 1-0

[Event "HEM A-Turnier"]
[Site "Marburg"]
[Date "2017.??.??"]
[Round "7.5"]
[White "Nekhamkis, Genadi"]
[Black "Kuhn, Gerhard"]
[Result "1-0"]
[WhiteElo "2121"]
[BlackElo "2023"]
[PlyCount "87"]
[EventDate "2017.??.??"]

1. e4 d5 2. exd5 Qxd5 3. Nc3 Qd6 4. d4 Nf6 5. Nb5 Qb6 6. c4 c6 7. Nc3 Bf5 8.
Nf3 e6 9. a4 Bb4 10. Bd2 a5 11. Be2 Nbd7 12. O-O h6 13. Qc1 Be7 14. h3 Ne4 15.
Be3 Qc7 16. Rd1 O-O 17. Bd3 Nxc3 18. Qxc3 Bxd3 19. Rxd3 Rfd8 20. Rad1 Bf6 21.
Qd2 Nf8 22. Nh2 Qe7 23. Ng4 Kh7 24. Bxh6 Ng6 25. Nxf6+ gxf6 26. Bf4 Rg8 27. Rg3
Nxf4 28. Qxf4 Rg6 29. Rdd3 Kg7 30. Rge3 Rd8 31. d5 e5 32. Qe4 cxd5 33. Rxd5
Rxd5 34. cxd5 Qd6 35. Rb3 f5 36. Qc4 b6 37. Rf3 Qd7 38. Kh2 Kg8 39. Rg3 Qd6 40.
Qc6 Kf8 41. Rxg6 Qxg6 42. d6 e4 43. Qc8+ Kg7 44. d7 1-0

[Event "HEM A-Turnier"]
[Site "Marburg"]
[Date "2017.??.??"]
[Round "7.6"]
[White "Tornay Gomez, Josu"]
[Black "Wolff, Peter"]
[Result "1-0"]
[WhiteElo "2105"]
[BlackElo "1946"]
[PlyCount "77"]
[EventDate "2017.??.??"]

1. e4 c6 2. d4 d5 3. e5 Bf5 4. Nf3 e6 5. Be2 Nd7 6. O-O h6 7. Nbd2 Ne7 8. Nb3
Bg4 9. Bd3 Qc7 10. Re1 O-O-O 11. a4 Kb8 12. Bd2 Nc8 13. h3 Bxf3 14. Qxf3 c5 15.
Nxc5 Nxc5 16. dxc5 Bxc5 17. b4 Bf8 18. a5 g5 19. b5 Qd7 20. b6 a6 21. Qe2 Qc6
22. Reb1 Bc5 23. Rb3 d4 24. Be4 Rd5 25. Bxd5 Qxd5 26. Bb4 Ne7 27. Bxc5 Qxc5 28.
Rf3 Nf5 29. Qe4 Rf8 30. Ra4 h5 31. g4 hxg4 32. hxg4 Qb5 33. Ra1 Qb2 34. Rd1 Nh4
35. Rb3 Qa2 36. Qxd4 Rc8 37. Qd6+ Ka8 38. Qc7 Qxc2 39. Qxc2 1-0

[Event "HEM A-Turnier"]
[Site "Marburg"]
[Date "2017.??.??"]
[Round "7.7"]
[White "Lukas, Anne"]
[Black "Montermann, Klaus"]
[Result "1/2-1/2"]
[WhiteElo "1822"]
[BlackElo "2068"]
[PlyCount "96"]
[EventDate "2017.??.??"]

1. d4 d5 2. c4 e5 3. dxe5 d4 4. Nf3 Nc6 5. e3 Bb4+ 6. Bd2 dxe3 7. fxe3 Qe7 8.
Bd3 Bxd2+ 9. Qxd2 Nxe5 10. Nxe5 Qxe5 11. O-O Nf6 12. Nc3 Be6 13. Nb5 O-O 14.
Nd4 Rad8 15. Rae1 Rd6 16. Qc2 Rfd8 17. c5 Rxd4 18. Bxh7+ Nxh7 19. exd4 Qxd4+
20. Kh1 Rd5 21. c6 b6 22. Rd1 Qc5 23. Qa4 Rxd1 24. Rxd1 a5 25. Rd8+ Nf8 26. h3
Bd5 27. Qh4 Bxc6 28. a3 a4 29. Rb8 f6 30. Qf4 Bd5 31. Rd8 Kf7 32. Qxa4 b5 33.
Qd1 c6 34. Rc8 Qd6 35. Qh5+ Kg8 36. Qe8 Bf7 37. Qe1 Qe6 38. Qxe6 Bxe6 39. Rxc6
Bd7 40. Rc7 Kf7 41. b3 Ke7 42. a4 Ne6 43. Ra7 Kd6 44. a5 Nd4 45. a6 Nc6 46. Rb7
Bc8 47. Rxb5 Bxa6 48. Rh5 Ne5 1/2-1/2

[Event "HEM A-Turnier"]
[Site "Marburg"]
[Date "2017.??.??"]
[Round "7.8"]
[White "Dios, Erwin Michael"]
[Black "Muth, Andreas"]
[Result "1/2-1/2"]
[WhiteElo "2058"]
[BlackElo "2037"]
[PlyCount "49"]
[EventDate "2017.??.??"]

1. g3 g6 2. Bg2 Bg7 3. Nf3 Nf6 4. c4 d6 5. d4 O-O 6. O-O Nc6 7. Nc3 a6 8. d5
Na5 9. Nd2 c5 10. Qc2 Rb8 11. b3 b5 12. Bb2 Bh6 13. Ncb1 bxc4 14. bxc4 Bd7 15.
Bc3 Qc7 16. Na3 Bg7 17. Rab1 e6 18. dxe6 fxe6 19. Qd3 Nc6 20. h3 Ne7 21. e4 Bc6
22. Nc2 Qd7 23. Ne3 Qc7 24. Kh2 Ba8 25. Rxb8 1/2-1/2

[Event "HEM A-Turnier"]
[Site "Marburg"]
[Date "2017.??.??"]
[Round "7.10"]
[White "Feicht, Arno"]
[Black "Hanig, Gunnar"]
[Result "1-0"]
[WhiteElo "2038"]
[BlackElo "1972"]
[PlyCount "189"]
[EventDate "2017.??.??"]

1. e4 c6 2. d4 d5 3. f3 dxe4 4. fxe4 Nf6 5. e5 Bg4 6. Qd3 Nd5 7. a3 e6 8. c4
Nb6 9. Be2 Bxe2 10. Nxe2 c5 11. O-O cxd4 12. Nd2 N8d7 13. Qe4 Qc7 14. Nf3 Bc5
15. Ng3 Nxc4 16. b4 Be7 17. Bf4 Ne3 18. Rfc1 Qb6 19. Nxd4 Nf5 20. Ngxf5 exf5
21. Qd3 O-O 22. Kh1 Rfd8 23. Nxf5 Bf8 24. Qf3 Qe6 25. Nd4 Qb6 26. Rd1 Be7 27.
Nf5 Qe6 28. Qg4 g6 29. Nxe7+ Qxe7 30. Bg5 f6 31. exf6 Nxf6 32. Qh4 Rxd1+ 33.
Rxd1 Rf8 34. h3 Qe6 35. Re1 Qd6 36. Bf4 Qd7 37. Be5 Qe7 38. Qd4 Nd7 39. Bg3 Qf7
40. Qxa7 b6 41. Rd1 Nf6 42. Qxf7+ Kxf7 43. Rf1 Ke6 44. Bh4 Nd7 45. Re1+ Kd5 46.
Rd1+ Ke6 47. Bg3 Ra8 48. Rd3 b5 49. Rd6+ Ke7 50. Rd5 Rxa3 51. Kh2 Ke6 52. Rxb5
Rb3 53. Bf4 h5 54. Kg1 Rb2 55. Kf1 Ke7 56. Rb7 Ke6 57. g3 Ke7 58. Ke1 Ke6 59.
Kd1 Rb3 60. Kc2 Rf3 61. h4 Nf6 62. Rb5 Nd5 63. Bb8 Ne3+ 64. Kd3 Nf5+ 65. Ke4
Rb3 66. Rb6+ Kf7 67. Kd5 Nxg3 68. Rb7+ Kf6 69. Be5+ Kf5 70. Rf7+ Kg4 71. Rf4+
Kh3 72. Kc4 Ra3 73. Bf6 Nf5 74. Kc5 Rb3 75. b5 Ne3 76. Re4 Ng4 77. Bg5 Nf2 78.
Re3+ Rxe3 79. Bxe3 Nd3+ 80. Kd4 Nb4 81. Bg5 Nc2+ 82. Kd5 Nb4+ 83. Ke6 Nd3 84.
Kf6 Nc5 85. Kxg6 Kg4 86. b6 Nb7 87. Be7 Na5 88. Kf7 Kf5 89. Bf6 Nc4 90. Bd8
Nd6+ 91. Ke7 Nb7 92. Kd7 Kg4 93. Bg5 Na5 94. Kc7 Kh3 95. b7 1-0

[Event "HEM A-Turnier"]
[Site "Marburg"]
[Date "2017.??.??"]
[Round "7.11"]
[White "Bluebaum, Johanna"]
[Black "Diener, Carolin Valeria"]
[Result "1-0"]
[WhiteElo "1977"]
[BlackElo "1897"]
[PlyCount "105"]
[EventDate "2017.??.??"]

1. d4 d5 2. c4 e6 3. Nc3 Nf6 4. cxd5 exd5 5. Bg5 c6 6. e3 Be7 7. Bd3 Nbd7 8.
Nge2 O-O 9. Qc2 h6 10. Bh4 Ne8 11. Bg3 Ndf6 12. O-O Nd6 13. f3 Nh5 14. Bf2 f5
15. g3 g5 16. Rae1 Kh8 17. Rd1 f4 18. exf4 gxf4 19. Bg6 fxg3 20. hxg3 Ng7 21.
Nf4 Ne6 22. Nce2 Bg5 23. Nxe6 Bxe6 24. f4 Be7 25. Kg2 Kg7 26. Rh1 Nf5 27. Bh5
Bf6 28. Rh2 Qd7 29. Rdh1 Ne7 30. Bf3 Rh8 31. Nc1 Bf5 32. Qd1 Rag8 33. Nd3 Bxd3
34. Qxd3 Qf5 35. Qb3 Qc8 36. g4 Ng6 37. Be3 Qc7 38. f5 Nf4+ 39. Bxf4 Qxf4 40.
Qxb7+ Kf8 41. Qc8+ Kg7 42. Qb7+ Kf8 43. Qa8+ Kf7 44. Qxa7+ Kf8 45. Re1 Rxg4+
46. Bxg4 Qxg4+ 47. Kh1 Qxf5 48. Qb8+ Kf7 49. Qc7+ Kf8 50. Qd6+ Kf7 51. Qc7+ Kf8
52. Qg3 Bxd4 53. Qd6+ 1-0